Name a Valid Country - NOT the United Kingdom - Statistics

General Stats
  • This quiz has been taken 95 times
  • The average score is 14 of 16
Answer Stats
Possible Hint Answer % Correct
3 Claims part of Iberia Andorra | Portugal | Spain
96%
9 In possession of nuclear warheads China | France | India | Israel | North Korea | Pakistan | Russia | United States
94%
2 European country that drives on the left Ireland | Malta
94%
4 Top five European countries white Americans trace ancestry to France | Germany | Ireland | Italy
93%
6 Has an Antarctic territorial claim Argentina | Australia | Chile | France | New Zealand | Norway
91%
5 Had an empire comprising over 10 million km² China | France | Mongolia | Russia | Spain
91%
6 Has a university in the global top 25 QS World University Rankings Australia | China | Germany | Singapore | Switzerland | United States
90%
4 Has a town or city named London Canada | France | Kiribati | United States
90%
5 Home to a club on the 2025 Forbes list of most valuable association football clubs France | Germany | Italy | Spain | United States
90%
4 Flag contains the Union Jack Australia | Fiji | New Zealand | Tuvalu
88%
2 Home of a non-extinct Celtic language France | Ireland
88%
13 Speed limits posted in miles per hour Antigua & Barbuda | Bahamas | Belize | Dominica | Grenada | Liberia* | Marshall Islands | F.S. Micronesia | Palau | St. Kitts & Nevis | St. Lucia | St. Vincent & the Grenadines | United States
87%
3 Birthplace of a British PM Canada | Ireland | United States
87%
8 Has over one million people of Indian descent (besides India) Canada | Malaysia | Myanmar | Saudi Arabia | South Africa | Sri Lanka | United Arab Emirates | United States
87%
11 Annually consumes over 1 kg of tea per capita Azerbaijan | Chile | Egypt | Iran | Ireland | Morocco | New Zealand | Pakistan | Poland | Russia | Turkey
82%
1 European country that begins with a "U" Ukraine
77%
No matching quizzes found
Score Distribution
Percent of People with Each Score
Percentile by Number Answered
Your Score History
You have not taken this quiz